| 000 | 00698nam a2200265Ia 4500 | ||
|---|---|---|---|
| 008 | 170203s9999 xx 000 0 und d | ||
| 020 | _a439267056 | ||
| 050 | _a709 | ||
| 050 | _b.L283g 2005 | ||
| 100 | _aLangley, Andrew, 1949- | ||
| 245 | _aAncient Greece / | ||
| 245 | _cAndrew Langley. | ||
| 260 | _aChicago : | ||
| 260 | _bRaintree, | ||
| 260 | _c2005 | ||
| 300 | _a48 p. : | ||
| 300 | _bcol. ill. ; | ||
| 300 | _c29 cm. | ||
| 440 | _aHistory in art. | ||
| 500 | _aIncludes bibliographical references (p. 47) and index. | ||
| 650 | _aArt, Greek-- | ||
| 650 | _aGreece--Civilization--To 146 B.C.-- | ||
| 650 | _xJuvenile literature. | ||
| 650 | _xJuvenile literature. | ||
| 999 |
_c305505 _d305505 |
||